000 00870nam a2200229Ia 4500
005 20250108124853.0
008 008 250107s9999 xx 000 0 hin d
020 _a978-81-925619-1-2
037 _aTB
040 _aCRL
_bhin
_cCRL
041 _ahin
_2hin
084 _aO152,6x P6
084 _qCRL
100 _aनेगी, स्नेह लता, संपा.
245 0 _aआदिवासी भाषा, साहित्य और संस्कृति: किन्नौर और लाहौल स्पिति
_cनेगी, स्नेह लता, संपा.
260 _aदिल्ली, भारत
_bविकल्प प्रकाशन
_c2512
300 _a184पृ0
365 _aINR
_b200
650 _aसमाजशास्त्र
942 _cTB
_hO152,6x P6
999 _c1234900
_d1234900